Campos de significación de la actividad científica en estudiantes universitarios (Record no. 165019)

MARC details
000 -CABECERA
campo de control de longitud fija 00725nab a2200229 a 4500
005 - FECHA Y HORA DE LA ÚLTIMA TRANSACCIÓN
campo de control 20210219161843.0
008 - ELEMENTOS DE LONGITUD FIJA--INFORMACIÓN GENERAL
campo de control de longitud fija 991125s1985 mx 000 0 spa u
035 ## - NÚMERO DE CONTROL DEL SISTEMA
Número de control de sistema UPN01000192918
100 1# - ASIENTO PRINCIPAL--NOMBRE PERSONAL
Nombre de persona Domínguez Gutiérrez, Silvia
100 1# - ASIENTO PRINCIPAL--NOMBRE PERSONAL
Filiación silvia_dominguez_@hotmail.com
222 ## - TÍTULO CLAVE
Título clave PERFILES EDUCATIVOS
245 ## - MENCIÓN DE TÍTULO
Título Campos de significación de la actividad científica en estudiantes universitarios
260 ## - PUBLICACIÓN, DISTRIBUCIÓN, ETC.
Lugar de publicación, distribución, etc. México
300 ## - DESCRIPCIÓN FÍSICA
Extensión 28-47
362 0# - FECHAS DE PUBLICACIÓN Y/O DESIGNACIÓN SECUENCIAL
Fecha de publicación y/o designación secuencial 2013 3a época, vol. 35, no. 140
653 0# - TERMINO DE INDIZACION - NO CONTROLADO
Término no controlado ESTUDIANTE UNIVERSITARIO
653 0# - TERMINO DE INDIZACION - NO CONTROLADO
Término no controlado INVESTIGACION CIENTIFICA
653 0# - TERMINO DE INDIZACION - NO CONTROLADO
Término no controlado CIENCIA
653 0# - TERMINO DE INDIZACION - NO CONTROLADO
Término no controlado REPRESENTACIONES SOCIALES
856 1# - LOCALIZACIÓN Y ACCESO ELECTRÓNICOS
Identificador Uniforme del Recurso <a href="http://www.iisue.unam.mx/perfiles/index.php">http://www.iisue.unam.mx/perfiles/index.php</a>
905 ## - TIPO DE MATERIAL
Tipo de material Articulo

No items available.